[Event "2025 Welsh Open"]
[Site "Mercure Cardiff North Hotel, Circle Way East, Llanedeyrn, Cardiff CF23 9XF"]
[Date "2025.04.21"]
[Round "6"]
[Board "14"]
[White "Enoch, Kristan"]
[Black "Parri, Deio"]
[Result "1/2-1/2"]
[WhiteElo "1611"]
[BlackElo "1745"]
[PlyCount "48"]
[GameId "2191928087655789"]
[EventDate "2025.04.18"]
[EventRounds "7"]
[EventCountry "WLS"]

1. e4 e6 2. d4 d5 3. exd5 exd5 4. Bd3 Nf6 5. Nf3 Be7 6. O-O O-O 7. Bg5 Bg4 8. Nbd2 Nbd7 9. c3 c6 10. Qc2 Bh5 11. Rfe1 Bg6 12. Bxg6 fxg6 13. Nf1 Bd6 14. Ne5 Qc7 15. Bxf6 Rxf6 16. Nxd7 Qxd7 17. Re2 Re8 18. Rae1 Rfe6 19. g3 Rxe2 20. Rxe2 Rxe2 21. Qxe2 Kf7 22. Kg2 Qe6 23. Qc2 Qf5 24. Qe2 Qe6 1/2-1/2

[Event "2025 Welsh Open"]
[Site "Mercure Cardiff North Hotel, Circle Way East, Llanedeyrn, Cardiff CF23 9XF"]
[Date "2025.04.21"]
[Round "6"]
[Board "15"]
[White "Probert, Malcolm"]
[Black "Enoch, Stuart"]
[Result "1/2-1/2"]
[WhiteElo "1701"]
[BlackElo "1588"]
[PlyCount "98"]
[GameId "2191928087655790"]
[EventDate "2025.04.18"]
[EventRounds "7"]
[EventCountry "WLS"]

1. Nf3 c6 2. g3 d5 3. d4 Nf6 4. c4 h6 5. Nc3 Bf5 6. Qb3 Qb6 7. c5 Qxb3 8. axb3 g5 9. b4 Bg7 10. b5 O-O 11. Ne5 Ne4 12. Nxe4 Bxe4 13. f3 Bc2 14. bxc6 bxc6 15. e3 f6 16. Nd3 e5 17. Nb4 Bg6 18. Bh3 a5 19. Bd2 exd4 20. exd4 Re8+ 21. Kf2 f5 22. Nc2 f4 23. Rhc1 Bxc2 24. Rxc2 Bxd4+ 25. Kf1 fxg3 26. hxg3 Re7 27. Ra4 Be3 28. Rxa5 Rxa5 29. Bxa5 Na6 30. Bb6 Nb4 31. Re2 d4 32. Ba5 d3 33. Bxb4 dxe2+ 34. Ke1 Re5 35. Bd7 Bxc5 36. Bc3 Re7 37. Bxc6 Ba7 38. Bd5+ Kh7 39. Be4+ Kg8 40. Bd3 Kf7 41. Bxe2 Ke8 42. Kd2 Be3+ 43. Kc2 Kd7 44. g4 Kc6 45. Bd3 Ra7 46. Be4+ Kb5 47. Bd3+ Kc6 48. Be4+ Kc5 49. Kd3 Bg1 1/2-1/2

[Event "2025 Welsh Open"]
[Site "Mercure Cardiff North Hotel, Circle Way East, Llanedeyrn, Cardiff CF23 9XF"]
[Date "2025.04.21"]
[Round "6"]
[Board "16"]
[White "White, Sam"]
[Black "Bourne, Patrick"]
[Result "0-1"]
[WhiteElo "1670"]
[BlackElo "1561"]
[PlyCount "56"]
[GameId "2191928087659887"]
[EventDate "2025.04.18"]
[EventRounds "7"]
[EventCountry "WLS"]

1. d4 c5 2. e3 cxd4 3. exd4 Nf6 4. c3 d5 5. Nf3 e6 6. Be2 Nc6 7. O-O Bd6 8. Nbd2 O-O 9. Nb3 Qc7 10. g3 h6 11. Nc5 e5 12. b4 Bh3 13. Re1 e4 14. Nh4 Rfe8 15. Be3 Qc8 16. Qd2 Bf8 17. Ng2 b6 18. Na4 Ne7 19. Nb2 a5 20. b5 Ng6 21. Nf4 Bg4 22. Na4 Rb8 23. Nxg6 fxg6 24. Bf1 g5 25. Rec1 Bf3 26. c4 dxc4 27. Bxc4+ Kh8 28. Bf7 Qh3 0-1

[Event "2025 Welsh Open"]
[Site "Mercure Cardiff North Hotel, Circle Way East, Llanedeyrn, Cardiff CF23 9XF"]
[Date "2025.04.21"]
[Round "6"]
[Board "17"]
[White "Blankley, Toby"]
[Black "Powell-Jones, Liam"]
[Result "0-1"]
[WhiteElo "1566"]
[BlackElo "1667"]
[PlyCount "74"]
[GameId "2191928087659888"]
[EventDate "2025.04.18"]
[EventRounds "7"]
[EventCountry "WLS"]

1. e4 c6 2. d4 d5 3. e5 c5 4. c3 Bf5 5. Nf3 Nc6 6. Bd3 Bxd3 7. Qxd3 e6 8. O-O cxd4 9. cxd4 Nge7 10. Bg5 Qb6 11. b3 Nf5 12. Rd1 Rc8 13. a3 Na5 14. b4 Nc4 15. Ra2 a5 16. bxa5 Qxa5 17. Nfd2 b5 18. Nxc4 bxc4 19. Qc3 Qa4 20. Qc2 Qxc2 21. Rxc2 h6 22. Bd2 Nxd4 23. Ra2 Bc5 24. Bc3 Nb3 25. Nd2 O-O 26. Nxb3 cxb3 27. Rb2 Bxf2+ 28. Kxf2 Rxc3 29. Ke2 Rfc8 30. Rdb1 Rc2+ 31. Kd3 R8c3+ 32. Kd4 Rc4+ 33. Kd3 R4c3+ 34. Kd4 Rxb2 35. Kxc3 Rxb1 36. a4 d4+ 37. Kd3 Rd1+ 0-1

[Event "2025 Welsh Open"]
[Site "Mercure Cardiff North Hotel, Circle Way East, Llanedeyrn, Cardiff CF23 9XF"]
[Date "2025.04.21"]
[Round "6"]
[Board "19"]
[White "Thompson, Chris"]
[Black "Rhydderch, Sam"]
[Result "0-1"]
[WhiteElo "1551"]
[BlackElo "1759"]
[PlyCount "62"]
[GameId "2191928087663986"]
[EventDate "2025.04.18"]
[EventRounds "7"]
[EventCountry "WLS"]

1. d4 c6 2. Bf4 Qb6 3. b3 Nf6 4. e3 d6 5. Bd3 g6 6. Nf3 Nh5 7. Bg3 Nxg3 8. hxg3 Bg7 9. Nbd2 d5 10. Ne5 c5 11. Qf3 Be6 12. Ng4 cxd4 13. exd4 Qxd4 14. Bb5+ Nc6 15. Bxc6+ bxc6 16. c3 Qxg4 17. Qd3 Bd7 18. Rh4 Qe6+ 19. Kd1 Qd6 20. Kc1 Qa3+ 21. Kd1 Bf5 22. Qe2 Bxc3 23. Ra4 Qb2 24. Rc1 Bxd2 25. Qxd2 Qxd2+ 26. Kxd2 Kd7 27. Ke3 e5 28. Ra6 Rhc8 29. Rc5 Kd6 30. b4 h5 31. b5 Kxc5 0-1

[Event "2025 Welsh Open"]
[Site "Mercure Cardiff North Hotel, Circle Way East, Llanedeyrn, Cardiff CF23 9XF"]
[Date "2025.04.21"]
[Round "6"]
[Board "20"]
[White "Hammett, Scott"]
[Black "Williams, John A"]
[Result "1-0"]
[WhiteElo "1669"]
[BlackElo "1644"]
[PlyCount "61"]
[GameId "2191928087663987"]
[EventDate "2025.04.18"]
[EventRounds "7"]
[EventCountry "WLS"]

1. b3 e5 2. Bb2 d6 3. d4 Nc6 4. dxe5 dxe5 5. Qxd8+ Kxd8 6. Nc3 Nf6 7. O-O-O+ Bd6 8. f3 a6 9. e4 Be6 10. Nh3 Bxh3 11. gxh3 Nd4 12. Bg2 Ke7 13. f4 Nc6 14. Nd5+ Nxd5 15. exd5 Nd4 16. Rhe1 Nf5 17. fxe5 Bc5 18. d6+ cxd6 19. Bxb7 Ra7 20. Be4 Ne3 21. exd6+ Kd7 22. Rd3 f5 23. Bf3 f4 24. Bg4+ Nxg4 25. hxg4 Be3+ 26. Kb1 Rg8 27. Bd4 Bxd4 28. Rxd4 Re8 29. Rxe8 Kxe8 30. Rxf4 Rd7 31. Rd4 1-0

[Event "2025 Welsh Open"]
[Site "Mercure Cardiff North Hotel, Circle Way East, Llanedeyrn, Cardiff CF23 9XF"]
[Date "2025.04.21"]
[Round "6"]
[Board "21"]
[White "Hurn, Robert Aj"]
[Black "Tagg, Ann"]
[Result "1-0"]
[WhiteElo "1646"]
[BlackElo "1530"]
[PlyCount "111"]
[GameId "2191928087663988"]
[EventDate "2025.04.18"]
[EventRounds "7"]
[EventCountry "WLS"]

1. d4 d5 2. c4 e6 3. Nc3 Nf6 4. cxd5 exd5 5. Bg5 Be7 6. e3 Bf5 7. Qb3 Nbd7 8. Nf3 Nb6 9. Be2 O-O 10. O-O Bg4 11. h3 Bh5 12. Rfd1 Re8 13. Rac1 Ne4 14. Bf4 c6 15. Qc2 Bd6 16. Bxd6 Qxd6 17. b3 Nd7 18. Nxe4 dxe4 19. Ne5 Bxe2 20. Qxe2 Nxe5 21. dxe5 Qxe5 22. Rd7 Rab8 23. Rcd1 g6 24. Qc4 Qe6 25. Qd4 a6 26. Qb6 Qf6 27. Rxb7 Rxb7 28. Qxb7 a5 29. Rc1 Re6 30. Qa8+ Kg7 31. Qxa5 Rd6 32. Qb4 Rd5 33. Qxe4 Rd2 34. f4 Qh4 35. Rf1 g5 36. Qe5+ Kg8 37. Qxg5+ Qxg5 38. fxg5 Rxa2 39. Rc1 Ra3 40. Rxc6 Rxb3 41. Kf2 Rb5 42. h4 Rb2+ 43. Kf3 Rb4 44. g3 Kg7 45. g4 h5 46. gxh5 Rxh4 47. h6+ Kh7 48. Rf6 Rh3+ 49. Kf4 Rh4+ 50. Kg3 Rxh6 51. Rxh6+ Kg7 52. Kf4 Kg8 53. Kf5 Kg7 54. e4 Kg8 55. Kf6 Kf8 56. Rh8# 1-0

[Event "2025 Welsh Open"]
[Site "Mercure Cardiff North Hotel, Circle Way East, Llanedeyrn, Cardiff CF23 9XF"]
[Date "2025.04.21"]
[Round "6"]
[Board "22"]
[White "Hollyman, Mike"]
[Black "Hill, Glyn"]
[Result "1-0"]
[WhiteElo "1606"]
[BlackElo "1518"]
[PlyCount "119"]
[GameId "2191928087668085"]
[EventDate "2025.04.18"]
[EventRounds "7"]
[EventCountry "WLS"]

1. c4 e6 2. e4 b6 3. Nc3 Nc6 4. Nge2 Qf6 5. d4 Bb7 6. g3 Qf3 7. Rg1 Bb4 8. Bg2 Qf6 9. Be3 e5 10. d5 Nce7 11. a3 Bc5 12. Bxc5 bxc5 13. Nb5 Kd8 14. d6 cxd6 15. Qxd6 Rc8 16. Qxf6 Nxf6 17. Nd6 Kc7 18. Nxc8 Nxc8 19. f3 d6 20. Kf2 Ne7 21. Rgd1 Rd8 22. Nc3 Bc6 23. b4 Nd7 24. b5 Bb7 25. a4 Nb6 26. Bf1 a5 27. bxa6 Bxa6 28. Nb5+ Bxb5 29. axb5 Kb7 30. Ra2 Nec8 31. Ke3 f6 32. h4 h5 33. Kd3 Rg8 34. Rg2 Rh8 35. g4 g5 36. hxg5 fxg5 37. gxh5 Rxh5 38. Rdd2 Rh1 39. Rdf2 Rh5 40. Rh2 Rxh2 41. Rxh2 Na4 42. Rg2 Ncb6 43. Kc2 Na8 44. Rxg5 N4b6 45. Rg7+ Nc7 46. Kb3 Kb8 47. Bh3 Kb7 48. Bd7 Nba8 49. Bc6+ Kb8 50. Bxa8 Nxa8 51. Rd7 Nb6 52. Rxd6 Nc8 53. Rd5 Ne7 54. Rxe5 Ng6 55. Rxc5 Nf4 56. Rf5 Ne2 57. Rf8+ Kc7 58. e5 Nd4+ 59. Kb2 Kb6 60. e6 1-0

[Event "2025 Welsh Open"]
[Site "Mercure Cardiff North Hotel, Circle Way East, Llanedeyrn, Cardiff CF23 9XF"]
[Date "2025.04.21"]
[Round "7"]
[Board "2"]
[White "Tapp, James"]
[Black "Sharhorodsky, Yaroslav"]
[Result "1/2-1/2"]
[WhiteElo "1986"]
[BlackElo "1703"]
[PlyCount "119"]
[GameId "2191928277147578"]
[EventDate "2025.04.18"]
[EventRounds "7"]
[EventCountry "WLS"]

1. d4 Nf6 2. Nf3 b6 3. g3 Bb7 4. Bg2 c5 5. c3 g6 6. Qb3 cxd4 7. Ne5 d5 8. cxd4 Nbd7 9. Nc3 Bg7 10. O-O O-O 11. Bf4 Nxe5 12. Bxe5 Ne4 13. Bxg7 Kxg7 14. Nxe4 dxe4 15. e3 Bd5 16. Qa3 Qd6 17. Qxd6 exd6 18. Rfc1 Rfc8 19. a3 b5 20. Bh3 f5 21. g4 Kf6 22. gxf5 gxf5 23. Kf1 Rc4 24. Ke2 Rac8 25. Kd2 Rxc1 26. Rxc1 Rxc1 27. Kxc1 Bc4 28. Kd2 Kg5 29. Ke1 h5 30. Bg2 Kg4 31. h3+ Kh4 32. b4 Bd3 33. Kd2 Kg5 34. Ke1 f4 35. exf4+ Kxf4 36. Kd2 h4 37. Ke1 e3 38. Bc6 Bc4 39. Bg2 Be6 40. Ke2 exf2 41. Kxf2 d5 42. Bh1 Bxh3 43. Bxd5 Bd7 44. Bg2 h3 45. Bb7 Bf5 46. d5 Ke5 47. Bc6 Be4 48. Kg3 Bxd5 49. Bxb5 Bg2 50. Be8 Bf1 51. b5 Kd4 52. a4 Kc5 53. Bh5 Bc4 54. Bd1 Be6 55. Kh2 Kb4 56. Kg3 Bd7 57. Kh2 Kc3 58. Be2 Kb4 59. Bd1 Bf5 60. Kg3 1/2-1/2

[Event "2025 Welsh Open"]
[Site "Mercure Cardiff North Hotel, Circle Way East, Llanedeyrn, Cardiff CF23 9XF"]
[Date "2025.04.21"]
[Round "7"]
[Board "4"]
[White "Van Veelen, Thomas"]
[Black "Van Noorden, Nicolas"]
[Result "0-1"]
[WhiteElo "2055"]
[BlackElo "1888"]
[PlyCount "72"]
[GameId "2191928277151676"]
[EventDate "2025.04.18"]
[EventRounds "7"]
[EventCountry "WLS"]

1. d4 Nf6 2. c4 a6 3. Nc3 b5 4. e4 b4 5. Nd5 e6 6. Nxf6+ gxf6 7. Be3 a5 8. Bd3 Bb7 9. Nf3 Nc6 10. d5 Ne7 11. Nd4 Rg8 12. Qh5 Ng6 13. dxe6 Qe7 14. exd7+ Qxd7 15. O-O-O Ne5 16. Bc2 a4 17. Nf3 Qe6 18. Nxe5 fxe5 19. b3 Rxg2 20. Qxh7 Rg6 21. f3 axb3 22. Bxb3 Ra3 23. Qh8 Qe7 24. Rd2 Qf6 25. Qxf6 Rxf6 26. Bg5 Rd6 27. h4 f5 28. exf5 Bxf3 29. Rh3 e4 30. f6 Kd7 31. h5 Bg4 32. Rh4 Bf5 33. h6 Bh7 34. Rxd6+ Bxd6 35. Bc2 Rc3 36. Kd2 e3+ 0-1

[Event "2025 Welsh Open"]
[Site "Mercure Cardiff North Hotel, Circle Way East, Llanedeyrn, Cardiff CF23 9XF"]
[Date "2025.04.21"]
[Round "7"]
[Board "5"]
[White "Vlkova, Anezka"]
[Black "Turner, George"]
[Result "1-0"]
[WhiteElo "1979"]
[BlackElo "1975"]
[PlyCount "55"]
[GameId "2191928277155773"]
[EventDate "2025.04.18"]
[EventRounds "7"]
[EventCountry "WLS"]

1. e4 c5 2. Nc3 Nc6 3. g3 g6 4. Bg2 Bg7 5. Nge2 e6 6. O-O Nge7 7. d3 O-O 8. Bg5 h6 9. Be3 d6 10. d4 cxd4 11. Nxd4 a6 12. Nxc6 bxc6 13. Qd2 Kh7 14. Rad1 d5 15. Na4 Qc7 16. Bb6 Qb7 17. Qa5 Rb8 18. Rd3 dxe4 19. Bxe4 Nd5 20. Bc5 Re8 21. c4 Nf6 22. Rb3 Nxe4 23. Rxb7 Rxb7 24. b3 Rd7 25. Nb6 Rd2 26. Nxc8 Rxc8 27. Re1 f5 28. Rxe4 1-0

[Event "2025 Welsh Open"]
[Site "Mercure Cardiff North Hotel, Circle Way East, Llanedeyrn, Cardiff CF23 9XF"]
[Date "2025.04.21"]
[Round "7"]
[Board "6"]
[White "Malibiran, Aldrin"]
[Black "Thomas, Mark"]
[Result "1-0"]
[WhiteElo "1771"]
[BlackElo "1898"]
[PlyCount "79"]
[GameId "2191928277159870"]
[EventDate "2025.04.18"]
[EventRounds "7"]
[EventCountry "WLS"]

1. e4 g6 2. d4 Bg7 3. Nc3 d6 4. f4 Nf6 5. Nf3 O-O 6. Bd3 Nc6 7. h3 e5 8. d5 Ne7 9. fxe5 dxe5 10. Bg5 c6 11. dxc6 bxc6 12. Nxe5 Qd6 13. Nf3 Qg3+ 14. Kf1 Re8 15. Qe1 Qc7 16. e5 Nf5 17. g4 Nd4 18. Nxd4 c5 19. Nf3 Bb7 20. Qf2 Nd7 21. Be4 Nxe5 22. Nd5 Qb8 23. Bf4 Qc8 24. Rg1 Nc4 25. Re1 Rxe4 26. Rxe4 Bxd5 27. Re7 Qc6 28. Rc7 Qf6 29. Ne1 Nxb2 30. Rxc5 Nd1 31. Qd2 Bxa2 32. Qxd1 Qxf4+ 33. Qf3 Bc4+ 34. Kg2 Qd2+ 35. Kh1 Re8 36. Rxc4 Be5 37. Qg2 Qd7 38. Nd3 Bg7 39. Re4 Rc8 40. Rge1 1-0

[Event "2025 Welsh Open"]
[Site "Mercure Cardiff North Hotel, Circle Way East, Llanedeyrn, Cardiff CF23 9XF"]
[Date "2025.04.21"]
[Round "7"]
[Board "7"]
[White "Wilkins, Zack"]
[Black "Gibbs, Dominic V"]
[Result "0-1"]
[WhiteElo "1663"]
[BlackElo "1961"]
[PlyCount "104"]
[GameId "2191928277163967"]
[EventDate "2025.04.18"]
[EventRounds "7"]
[EventCountry "WLS"]

1. e4 e6 2. d4 d5 3. e5 c5 4. c3 Nc6 5. Nf3 Bd7 6. Bd3 cxd4 7. O-O dxc3 8. Nxc3 f5 9. a3 g6 10. Re1 Nge7 11. Bg5 Bg7 12. Bf6 O-O 13. Bxg7 Kxg7 14. b4 Qb8 15. b5 Nd8 16. Ne2 Nf7 17. Nf4 Qe8 18. Nd4 Nd8 19. h4 Qf7 20. Re3 Kh8 21. Rg3 Rg8 22. Nf3 Rg7 23. Ng5 Qg8 24. Qd2 h6 25. Nf3 b6 26. Ne2 Qh7 27. Nf4 Nb7 28. Nd4 Nc5 29. Rc1 Qg8 30. Bf1 Ne4 31. Qe3 Nxg3 32. Qxg3 Rc8 33. Rxc8 Qxc8 34. Nc6 Bxc6 35. bxc6 Qxc6 36. Kh2 Kh7 37. Qb3 Qc8 38. Bd3 Nc6 39. Qc2 Rc7 40. h5 Nxe5 41. hxg6+ Nxg6 42. Qd2 Nxf4 43. Qxf4 Rc3 44. Qf3 Qc7+ 45. g3 Qe5 46. Qd1 Rxa3 47. Bf1 Kg6 48. Bb5 f4 49. Qg4+ Kh7 50. Be8 fxg3+ 51. fxg3 Ra2+ 52. Kh3 Qf5 0-1

[Event "2025 Welsh Open"]
[Site "Mercure Cardiff North Hotel, Circle Way East, Llanedeyrn, Cardiff CF23 9XF"]
[Date "2025.04.21"]
[Round "7"]
[Board "8"]
[White "Murthy, Arush"]
[Black "Browse, Joseph"]
[Result "0-1"]
[WhiteElo "1539"]
[BlackElo "1804"]
[PlyCount "108"]
[GameId "2191928277168064"]
[EventDate "2025.04.18"]
[EventRounds "7"]
[EventCountry "WLS"]

1. d4 d5 2. c4 e6 3. e3 Nf6 4. Nc3 c5 5. Nf3 a6 6. cxd5 exd5 7. dxc5 Bxc5 8. Bd3 Bg4 9. Be2 Nc6 10. O-O O-O 11. Re1 Rc8 12. a3 Ba7 13. b4 Qd6 14. Bb2 Rfe8 15. b5 Na5 16. Rc1 Bb8 17. g3 Nc4 18. Qb3 Ba7 19. Red1 Nxe3 20. fxe3 Rxe3 21. Kg2 Qe6 22. Rd2 Bh3+ 23. Kh1 Ne4 24. Nd4 Nxd2 25. Qxd5 Qxd5+ 26. Nxd5 Rxc1+ 27. Bxc1 Bxd4 28. Nxe3 Bxe3 29. bxa6 bxa6 30. Bxa6 Nc4 31. Bxe3 Nxe3 32. a4 Nd5 33. Bb7 Nb4 34. Kg1 Be6 35. a5 Bc4 36. Kf2 Ba6 37. Be4 Kf8 38. Ke3 Ke7 39. Kd4 Kd6 40. Bxh7 Nc6+ 41. Ke4 Nxa5 42. Kf4 Nc6 43. Kg5 Ke5 44. Bg8 Bc4 45. Bxf7 Bxf7 46. h4 Nd4 47. h5 Ne6+ 48. Kh4 Kf6 49. g4 Be8 50. Kh3 Kg5 51. Kg3 Nf8 52. Kf3 Nd7 53. Kg3 Nf6 54. h6 gxh6 0-1

[Event "2025 Welsh Open"]
[Site "Mercure Cardiff North Hotel, Circle Way East, Llanedeyrn, Cardiff CF23 9XF"]
[Date "2025.04.21"]
[Round "7"]
[Board "9"]
[White "Malibiran, Alexis Kristoff"]
[Black "Sipho, Donovan"]
[Result "0-1"]
[WhiteElo "1505"]
[BlackElo "1787"]
[PlyCount "52"]
[GameId "2191928277168065"]
[EventDate "2025.04.18"]
[EventRounds "7"]
[EventCountry "WLS"]

1. e4 c5 2. Nc3 Nc6 3. f4 e5 4. f5 Nf6 5. Bc4 Nxe4 6. Bxf7+ Kxf7 7. Qh5+ Kg8 8. Nxe4 d5 9. Nc3 Nd4 10. Qd1 Bxf5 11. d3 Be7 12. Be3 Nc6 13. Bf2 d4 14. Nce2 Qa5+ 15. Qd2 Nb4 16. Kd1 c4 17. Nc1 Rc8 18. c3 dxc3 19. bxc3 Qa4+ 20. Ke2 Nxd3 21. Nf3 Nxc1+ 22. Raxc1 Rd8 23. Qe3 Bd3+ 24. Ke1 e4 25. Ne5 Ba3 26. Qh3 Qe8 0-1

[Event "2025 Welsh Open"]
[Site "Mercure Cardiff North Hotel, Circle Way East, Llanedeyrn, Cardiff CF23 9XF"]
[Date "2025.04.21"]
[Round "7"]
[Board "10"]
[White "Powell-Jones, Liam"]
[Black "Smith, Andrew R"]
[Result "0-1"]
[WhiteElo "1667"]
[BlackElo "1779"]
[PlyCount "22"]
[GameId "2191928277168066"]
[EventDate "2025.04.18"]
[EventRounds "7"]
[EventCountry "WLS"]

1. e4 e5 2. Nf3 Nc6 3. Bb5 Nf6 4. d3 d6 5. O-O Bg4 6. Re1 Be7 7. Nbd2 O-O 8. h3 Bh5 9. Nf1 Bxf3 10. Qxf3 Nd4 11. Qg3 Ne2+ 0-1

[Event "2025 Welsh Open"]
[Site "Mercure Cardiff North Hotel, Circle Way East, Llanedeyrn, Cardiff CF23 9XF"]
[Date "2025.04.21"]
[Round "7"]
[Board "11"]
[White "George, Naveen Daniel"]
[Black "Jones, Steve"]
[Result "1-0"]
[WhiteElo "1591"]
[BlackElo "1777"]
[PlyCount "59"]
[GameId "2191928277168067"]
[EventDate "2025.04.18"]
[EventRounds "7"]
[EventCountry "WLS"]

1. e4 d6 2. d4 Nf6 3. Nc3 Nbd7 4. f4 c6 5. Nf3 Qc7 6. e5 Nd5 7. Nxd5 cxd5 8. Bd3 e6 9. O-O Be7 10. Qe1 b6 11. f5 dxe5 12. dxe5 Nc5 13. fxe6 Bxe6 14. Qg3 Nxd3 15. cxd3 Bf5 16. Bf4 O-O 17. e6 Qc2 18. exf7+ Rxf7 19. Ne5 Bc5+ 20. Be3 Bxe3+ 21. Qxe3 Rff8 22. Rf2 Qa4 23. b3 Qb5 24. Raf1 Be6 25. Ng6 hxg6 26. Qxe6+ Kh7 27. Rxf8 Rxf8 28. Rxf8 Qc5+ 29. Rf2 Qc1+ 30. Rf1 1-0

[Event "2025 Welsh Open"]
[Site "Mercure Cardiff North Hotel, Circle Way East, Llanedeyrn, Cardiff CF23 9XF"]
[Date "2025.04.21"]
[Round "7"]
[Board "12"]
[White "Bourne, Patrick"]
[Black "Williams, Stephen"]
[Result "1-0"]
[WhiteElo "1561"]
[BlackElo "1701"]
[PlyCount "111"]
[GameId "2191928277172164"]
[EventDate "2025.04.18"]
[EventRounds "7"]
[EventCountry "WLS"]

1. d4 Nf6 2. Bg5 d5 3. Bxf6 exf6 4. e3 Bd6 5. c4 c6 6. Nc3 Be6 7. cxd5 cxd5 8. Nf3 O-O 9. Bd3 Nc6 10. a3 Rc8 11. O-O f5 12. Rc1 a6 13. Qc2 g6 14. g3 Re8 15. b4 Bf8 16. Qb3 b5 17. Rc2 Qd7 18. Ng5 h6 19. Nxe6 fxe6 20. Rfc1 Rc7 21. Nxb5 axb5 22. Bxb5 Rec8 23. Qa4 Qe7 24. Rxc6 Ra7 25. Qb3 Rca8 26. a4 Kf7 27. Qc3 Qxb4 28. Rc7+ Rxc7 29. Qxc7+ Qe7 30. a5 Ra7 31. Qxe7+ Bxe7 32. a6 Bd8 33. Ra1 Bb6 34. Rc1 h5 35. Kg2 Re7 36. h4 Kf6 37. Rc8 Kf7 38. Kf3 Ba7 39. Bc6 Bb6 40. Bb7 Ba7 41. Ra8 Bb6 42. Ke2 Rc7 43. Kd3 Re7 44. Rc8 Ba7 45. Kc3 Bb6 46. Kb4 Ba7 47. Kb5 e5 48. Bxd5+ Kg7 49. dxe5 Rxe5 50. Rd8 Re7 51. Bb7 Re5+ 52. Bd5 Re7 53. Kc6 Bxe3 54. fxe3 Rxe3 55. a7 Rc3+ 56. Kd6 1-0

[Event "2025 Welsh Open"]
[Site "Mercure Cardiff North Hotel, Circle Way East, Llanedeyrn, Cardiff CF23 9XF"]
[Date "2025.04.21"]
[Round "7"]
[Board "14"]
[White "Rhydderch, Sam"]
[Black "Hurn, Robert Aj"]
[Result "1/2-1/2"]
[WhiteElo "1759"]
[BlackElo "1646"]
[PlyCount "33"]
[GameId "2191928277176262"]
[EventDate "2025.04.18"]
[EventRounds "7"]
[EventCountry "WLS"]

1. e4 c5 2. Nf3 d6 3. d4 cxd4 4. Nxd4 Nf6 5. Nc3 g6 6. Be3 Bg7 7. Bc4 Nc6 8. f3 O-O 9. Qd2 Bd7 10. Nxc6 bxc6 11. O-O-O Qa5 12. Bh6 Rab8 13. Bb3 Be6 14. Bxe6 fxe6 15. Bxg7 Kxg7 16. a3 Rb7 17. Na2 1/2-1/2

[Event "2025 Welsh Open"]
[Site "Mercure Cardiff North Hotel, Circle Way East, Llanedeyrn, Cardiff CF23 9XF"]
[Date "2025.04.21"]
[Round "7"]
[Board "15"]
[White "Parri, Deio"]
[Black "Hollyman, Mike"]
[Result "0-1"]
[WhiteElo "1745"]
[BlackElo "1606"]
[PlyCount "54"]
[GameId "2191928277176263"]
[EventDate "2025.04.18"]
[EventRounds "7"]
[EventCountry "WLS"]

1. d4 Nf6 2. c4 c5 3. d5 b5 4. cxb5 a6 5. bxa6 g6 6. e3 Bg7 7. Bc4 O-O 8. Nc3 Nxa6 9. Nge2 Nb4 10. O-O Bb7 11. e4 e6 12. Bg5 Qc7 13. Bxf6 Bxf6 14. dxe6 dxe6 15. a3 Rfd8 16. Qb1 Nc6 17. Rd1 Ne5 18. Rxd8+ Rxd8 19. b3 Ng4 20. g3 Ne5 21. Qc2 Rd2 22. Qc1 Nf3+ 23. Kg2 Bg5 24. Kxf3 Rd3+ 25. Kg2 Bxc1 26. Rxc1 Rd8 27. Nf4 Qe5 0-1

[Event "2025 Welsh Open"]
[Site "Mercure Cardiff North Hotel, Circle Way East, Llanedeyrn, Cardiff CF23 9XF"]
[Date "2025.04.21"]
[Round "7"]
[Board "16"]
[White "Blackmore, Simon"]
[Black "Enoch, Kristan"]
[Result "0-1"]
[WhiteElo "1727"]
[BlackElo "1611"]
[PlyCount "104"]
[GameId "2191928277180360"]
[EventDate "2025.04.18"]
[EventRounds "7"]
[EventCountry "WLS"]

1. e4 e6 2. d4 d5 3. e5 c5 4. c3 Nc6 5. Be3 Qb6 6. Qd2 cxd4 7. cxd4 Nge7 8. Nf3 Ng6 9. Nc3 Be7 10. Be2 f5 11. O-O O-O 12. g3 Qd8 13. Rac1 Bd7 14. Bd3 a6 15. Ne2 Bb4 16. Qd1 Be7 17. h4 Nh8 18. Nf4 h6 19. h5 Qe8 20. Nh4 Bxh4 21. gxh4 g5 22. hxg6 Nxg6 23. Qh5 Nxf4 24. Qxe8 Rfxe8 25. Bxf4 Nxd4 26. Rc7 Re7 27. Bxh6 Nf3+ 28. Kh1 Nxe5 29. Be2 d4 30. Bg5 Bc6+ 31. Rxc6 Nxc6 32. Bxe7 Nxe7 33. Rc1 Rc8 34. Rxc8+ Nxc8 35. Kg2 Kg7 36. Kf1 e5 37. Bc4 Kh6 38. Bf7 Nd6 39. Bd5 Kh5 40. Ke2 Kxh4 41. a4 a5 42. Kf3 Kg5 43. Ke2 e4 44. f3 Kf4 45. fxe4 fxe4 46. Kf2 d3 47. Ke1 Ke3 48. Bb3 b6 49. Be6 Kd4 50. Kd1 e3 51. Bg4 e2+ 52. Kd2 Ne4+ 0-1

[Event "2025 Welsh Open"]
[Site "Mercure Cardiff North Hotel, Circle Way East, Llanedeyrn, Cardiff CF23 9XF"]
[Date "2025.04.21"]
[Round "7"]
[Board "18"]
[White "Enoch, Stuart"]
[Black "Hammett, Scott"]
[Result "0-1"]
[WhiteElo "1588"]
[BlackElo "1669"]
[PlyCount "58"]
[GameId "2191928277180362"]
[EventDate "2025.04.18"]
[EventRounds "7"]
[EventCountry "WLS"]

1. c4 f5 2. d4 Nf6 3. Nc3 b6 4. Nf3 e6 5. e3 Bb7 6. Be2 Bb4 7. Bd2 Bxc3 8. Bxc3 O-O 9. O-O d6 10. b4 Nbd7 11. Qc2 Ne4 12. Bb2 Rf6 13. d5 e5 14. Bd3 Rg6 15. Bxe4 fxe4 16. Qxe4 Nf6 17. Qc2 Bc8 18. Rfe1 Ng4 19. Rad1 Qf8 20. h3 Nf6 21. Kh2 Rh6 22. Kg1 Rg6 23. Kf1 Nh5 24. e4 Bxh3 25. gxh3 Qxf3 26. Re3 Qg2+ 27. Ke2 Nf4+ 28. Ke1 Qg1+ 29. Kd2 Qxf2+ 0-1

[Event "2025 Welsh Open"]
[Site "Mercure Cardiff North Hotel, Circle Way East, Llanedeyrn, Cardiff CF23 9XF"]
[Date "2025.04.21"]
[Round "7"]
[Board "19"]
[White "White, Sam"]
[Black "Larg, Richard"]
[Result "1/2-1/2"]
[WhiteElo "1670"]
[BlackElo "1629"]
[PlyCount "120"]
[GameId "2191928277184459"]
[EventDate "2025.04.18"]
[EventRounds "7"]
[EventCountry "WLS"]

1. d4 d5 2. Nc3 Nf6 3. e3 e6 4. Bb5+ c6 5. Bd3 b6 6. f4 Ba6 7. a3 Qc8 8. h3 Bxd3 9. cxd3 Qa6 10. Nce2 Nbd7 11. Nf3 Be7 12. O-O O-O 13. Ng3 g6 14. e4 c5 15. e5 Ne8 16. Be3 cxd4 17. Bf2 Ng7 18. Nxd4 Rfc8 19. Nb3 Nc5 20. Nxc5 Bxc5 21. d4 Be7 22. Rc1 Rc4 23. Qb3 Rac8 24. Ne2 Rxc1 25. Nxc1 Qc4 26. Qxc4 Rxc4 27. Rd1 h5 28. b3 Rc2 29. b4 a5 30. Be1 Nf5 31. bxa5 bxa5 32. Bxa5 Bxa3 33. Nb3 Ne3 34. Rd2 Rxd2 35. Nxd2 Nc2 36. Bc3 Bb4 37. Bxb4 Nxb4 38. Nf3 Kg7 39. Kf2 f6 40. exf6+ Kxf6 41. g4 hxg4 42. hxg4 Na2 43. Kg3 Nc1 44. Kf2 Nd3+ 45. Ke3 Nb4 46. g5+ Kf7 47. Ne5+ Kg7 48. Kd2 Na6 49. Kc3 Nc7 50. Kb4 Ne8 51. Kc5 Kh7 52. Kc6 Ng7 53. Kd7 Nf5 54. Nf3 Ng7 55. Ke7 Nh5 56. Kxe6 Nxf4+ 57. Ke5 Nh5 58. Kxd5 Nf4+ 59. Kd6 Kg7 60. d5 Kf8 1/2-1/2